000 00694nam a22001937a 4500
999 _c193023
_d193023
005 20221014102307.0
010 _aUR-11754
020 _a9789392496363
_c150.00
035 _aU-10309
037 _bDBAD/PUB
_a-
082 _a840.8
100 _aخا لد حسین خاں
245 _aجہا ن ادب کے سیاح ڈاکٹر امام اعظم /
_cخا لد حسین خاں
_hا ر د و
246 _aJahan-e-Adab ke Saiyah Dr. Imam Azam /
_bby Khalid Hussain Khan
260 _aNew Delhi
_bEducational Publishing House
_c2021 ء
270 _aH.O. D1/16, Ansari Road, Darya ganj
_bNew Delhi
_e110002
300 _a112 ص
_c22cm(pbk)
942 _2ddc
_cUR
_h840.8
_mخ ا ل